000 00256nam a22001217a 4500
008 181102b xxu||||| |||| 00| 0 eng d
041 _aeng
080 _a370
100 _a49
101 _aEDU
245 _aIntroduction logic
_cWelsh.C
942 _2udc
_cBK
999 _c51592
_d51592